000 01055cai a22001935a 4500
001 E145581
008 081023u xxk f 000 0 eng d
035 _a(Sirsi) u145581
041 0 _aeng
110 2 _aScotland
_bScottish Government
_95344
245 0 0 _aEnergy performance certificates
_h[electronic resource]
520 _aPart of the Scottish Government's website which deals with Energy Performance Certificates (EPCs). Includes dates of introduction for EPCs on dwellings and non-dwellings for sale, rental property and public buildings in Scotland. Also includes links to guidance leaflets, and detailed information on EPCs contained in the Domestic and Non-Domestic Technical Handbooks S6.9.
590 _aKA
650 2 4 _aDIRECTIVE 2002/91/EC
651 4 _aScotland
_y1999-
690 _aENVIRONMENTAL AND LAND CONSULTANCY-ENERGY-ENERGY USE-ENERGY EFFICIENCY
856 4 0 _uhttps://www.scotland.gov.uk/Topics/Built-Environment/Building/Building-standards/profinfo/epcintro
_zView the website free of charge at www.scotland.gov.uk
942 _n0
999 _c120713
_d120713